Statistics for English Premier League Clubs Quiz

Click here to take the quiz!

General Stats

  • This quiz has been taken 35 times
    (16 since last reset)
  • The average score is 19 of 20

Answer Stats

Club% Correct
Arsenal
100%
Aston Villa
100%
Brighton & Hove Albion
100%
Liverpool
100%
Luton Town
100%
Newcastle United
100%
Tottenham Hotspur
100%
Wolverhampton Wanderers
100%
Bournemouth
93%
Burnley
93%
Chelsea
93%
Crystal Palace
93%
Everton
93%
Manchester City
93%
Manchester United
93%
Brentford
86%
Fulham
86%
Sheffield United
86%
West Ham United
86%
Nottingham Forest
79%

Score Distribution

Percentile by Number Answered

Percent of People with Each Score

Your Score History

You have not taken this quiz since the last reset